History Quiz

Random History or Politics Quiz

US Presidents by First Lady Quiz Stats

Quiz Updated Jan 20, 2017

Also try: First Ladies
Challenge
Share
Tweet
Embed
Score 0/44 Timer 06:00
5 Plays Today
President's Spouse(s) President's Name % Correct
Hillary RodhamBill Clinton
92%
Jacqueline 'Jackie' Lee BouvierJohn F. Kennedy
90.2%
(1) Ivana Zelníčková (2) Marla Maples (3) Melania Knauss (Melanija Knavs)Donald Trump
89.1%
Anna Eleanor RooseveltFranklin D. Roosevelt
86.9%
Mary ToddAbraham Lincoln
84.9%
Michelle RobinsonBarack Obama
83.4%
Claudia 'Lady Bird' Alta TaylorLyndon B. Johnson
82.3%
Barbara PierceGeorge H. W. Bush
79.6%
Martha DandridgeGeorge Washington
77.2%
Laura WelchGeorge W. Bush
76.8%
Abigail SmithJohn Adams
75.4%
Dolley PayneJames Madison
74.2%
(1) Sarah Jane Mayfield (2) Nancy DavisRonald Reagan
72.7%
Thelma 'Pat' Patricia RyanRichard Nixon
69.5%
Elizabeth 'Betty' BloomerGerald Ford
66.5%
Mary 'Mamie' Geneva Doud Dwight D. Eisenhower
66.3%
Elizabeth 'Bess' Virginia WallaceHarry S. Truman
56.7%
Eleanor Rosalynn SmithJimmy Carter
54.7%
No WifeJames Buchanan
51%
Martha WaylesThomas Jefferson
39%
(1) Ellen Louise Axson (2) Edith BollingWoodrow Wilson
39%
Rachel DonelsonAndrew Jackson
38.2%
President's Spouse(s) President's Name % Correct
(1) Alice Hathaway Lee (2) Edith Kermit CardowTheodore Roosevelt
37.7%
Lou HenryHerbert Hoover
35%
Julia Dent Ulysses S. Grant
33.7%
Lucille 'Lucy' Ware WebbRutherford B. Hayes
30.5%
Grace Anna GoodhueCalvin Coolidge
30.4%
Frances Folsom Grover Cleveland
30.1%
Louisa Catherine JohnsonJohn Quincy Adams
28.2%
(1) Letitia Christian (2) Julia GardinerJohn Tyler
28.2%
Florence KlingWarren G. Harding
27.9%
Sarah ChildressJames K. Polk
27.2%
Ida SaxtonWilliam McKinley
27%
Helen 'Nellie' HerronWilliam Howard Taft
26.4%
Elizabeth 'Eliza' KortrightJames Monroe
25%
(1) Caroline Lavinia Scott (2) Mary Scott LordBenjamin Harrison
24.2%
Hannah HoesMartin Van Buren
23.9%
Anna Tuthill SymmesWilliam Henry Harrison
23.4%
Jane Means AppletonFranklin Pierce
23.4%
Lucretia RudolphJames Garfield
23.2%
Eliza McCardleAndrew Johnson
21.6%
Margaret 'Peggy' Mackall Smith Zachary Taylor
20.8%
(1) Abigail Powers (2) Caroline Carmichael Millard Fillmore
19.8%
Ellen 'Nell' Lewis HerndonChester A. Arthur
19%

You're not logged in!

Compare scores with friends on all Sporcle quizzes.
Join for Free
OR
Log In

You Might Also Like...

Show Comments

Extras

Top Quizzes Today


Score Distribution

Your Account Isn't Verified!

In order to create a playlist on Sporcle, you need to verify the email address you used during registration. Go to your Sporcle Settings to finish the process.

Report this User

Report this user for behavior that violates our Community Guidelines.

Details: